<?xml version="1.0" encoding="UTF-8"?><?xml-stylesheet type="text/xsl" href="static/style.xsl"?><OAI-PMH xmlns="http://www.openarchives.org/OAI/2.0/" xmlns:xsi="http://www.w3.org/2001/XMLSchema-instance" xsi:schemaLocation="http://www.openarchives.org/OAI/2.0/ http://www.openarchives.org/OAI/2.0/OAI-PMH.xsd"><responseDate>2026-06-06T17:49:23Z</responseDate><request verb="GetRecord" identifier="oai:riuma.uma.es:10630/24960" metadataPrefix="marc">https://riuma.uma.es/rest/oai/request</request><GetRecord><record><header><identifier>oai:riuma.uma.es:10630/24960</identifier><datestamp>2026-02-03T12:19:01Z</datestamp><setSpec>com_10630_2254</setSpec><setSpec>col_10630_37959</setSpec></header><metadata><record xmlns="http://www.loc.gov/MARC21/slim" xmlns:dcterms="http://purl.org/dc/terms/" xmlns:doc="http://www.lyncode.com/xoai" xmlns:xsi="http://www.w3.org/2001/XMLSchema-instance" xsi:schemaLocation="http://www.loc.gov/MARC21/slim http://www.loc.gov/standards/marcxml/schema/MARC21slim.xsd">
   <leader>00925njm 22002777a 4500</leader>
   <datafield ind2=" " ind1=" " tag="042">
      <subfield code="a">dc</subfield>
   </datafield>
   <datafield ind2=" " ind1=" " tag="720">
      <subfield code="a">Delgado-Pérez, Tomás</subfield>
      <subfield code="e">author</subfield>
   </datafield>
   <datafield ind2=" " ind1=" " tag="260">
      <subfield code="c">2022</subfield>
   </datafield>
   <datafield ind2=" " ind1=" " tag="520">
      <subfield code="a">If there was life in the past on the Red Planet, specific biosignatures might still be present only if preservation conditions have been favourable for them [1]. The recognition of the habitable past on Mars increases the exigency to identify and characterize modern analogues of these surroundings and to evaluate the mechanisms that can conserve biosignatures in them. The processes that originate and safeguard possible organic-type biosignatures in mineral phases are of crucial interest [2]. In the last few years, Laser-Induced Breakdown Spectroscopy (LIBS) has emerged as a powerful tool with an essential role in space exploration since it combines many of the required features for this application [3]. Although, in essence, LIBS can provide elemental information of a material, it has been shown to be a potent instrument for identifying and discriminating different types of organic compounds based on their intrinsic spectroscopic characteristics [4]. The classifying of these materials associated to optical emission signal from molecular emitting species such as CN, C2, NH, CH and OH, among others, can be affected by the atmosphere surrounding the laser-induced plasma [5]. In this particular application, the CO2-rich Martian atmosphere implies that the effect could be reduced, whereas other species formation processes attributed to dissociation of CO2 and subsequent recombinations in plasma may occur. Some investigations have reported the difficulties of detecting organic compounds, in the presence of a carbon and oxygen rich atmosphere. In this sense, the formation mechanisms of emitting species of organic and C-containing inorganic compounds under Mars-like atmospheric conditions using LIBS have been evaluated.</subfield>
   </datafield>
   <datafield ind1="8" ind2=" " tag="024">
      <subfield code="a">https://hdl.handle.net/10630/24960</subfield>
   </datafield>
   <datafield tag="653" ind2=" " ind1=" ">
      <subfield code="a">Marte (Planeta) - Atmósfera - Congresos</subfield>
   </datafield>
   <datafield tag="653" ind2=" " ind1=" ">
      <subfield code="a">Medio ambiente espacial - Congresos</subfield>
   </datafield>
   <datafield tag="653" ind2=" " ind1=" ">
      <subfield code="a">Biología espacial - Congresos</subfield>
   </datafield>
   <datafield ind2="0" ind1="0" tag="245">
      <subfield code="a">Searching for Biosignatures in Mars by Differentiation of LIBS Molecular Signals</subfield>
   </datafield>
</record>
</metadata></record></GetRecord></OAI-PMH>